| 000 | 00505nam a2200157 a 4500 | ||
|---|---|---|---|
| 082 |
_a343.735 _bALL _cL-32 P-16 |
||
| 100 | 1 |
_aChoudhry, A. M. _935218 |
|
| 245 | _aThe Court-fees act (vii of 1870) and the suits valuation act (vii of 1887) | ||
| 250 | _a4th ed. | ||
| 260 |
_aLahore : _bAll Pakistan Legal Decisions , _c1963 |
||
| 300 | _a58 p. | ||
| 526 |
_a0 _b0 _c0 _d343_735000000000000_ALL |
||
| 526 |
_a0 _b0 _c0 _d347_735000000000000_ALL |
||
| 650 | 0 |
_aCosts (Law) -- Pakistan _937986 |
|
| 942 |
_2ddc _cBK |
||
| 999 |
_c542700 _d542700 |
||